000 00901nam a22002297a 4500
999 _c65615
_d65615
005 20240530110834.0
008 191014s2007 ua f b 000 0 ara d
017 _a2006/8585
_bمصر. دار الكتب
020 _a9770912572
040 _aEG-CaGPL
_cEG-CaGPL
082 0 4 _221
_a327.62055
_bق/س ع
100 0 _aسعيد الصباغ
245 1 2 _aالعلاقات المصرية الايرانبة :
_bبين الوصال والقطيعة 1970-1981 /
_cسعيد الصباغ
250 _aط.1
260 _aالقاهرة :
_bدار الشروق ،
_c2007
300 _a233 ص. :
_c24 سم.
504 _aيشتمل على ارجاعات بليوجرافية
650 0 7 _2qrmak
_aالعلاقات الاقتصادية
_zمصر
_zايران
651 0 7 _2qrmak
_aمصر
_xالعلاقات الخارجية
_zالاردن
942 _2ddc
_cBK